| 000 | 00444nam a2200133Ia 4500 | ||
|---|---|---|---|
| 008 | 200915s9999 xx 000 0 und d | ||
| 020 | _a978-1-119-55408-0 | ||
| 100 | _aLogue, Ann C. | ||
| 245 |
_cAnn C. Logue.-- _aDay trading for dummies / |
||
| 260 |
_aNew Jersey : _bJohn Wiley & Sons, Inc. _c2019 |
||
| 300 |
_axii , 354 pages : _billustrations ; _c23 cm. |
||
| 650 | _aDay trading (Securities). | ||
| 650 | _aElectronic trading of securities. | ||
| 999 |
_c364217 _d364217 |
||